| 000 | 01193cam a2200313 a 4500 | ||
|---|---|---|---|
| 001 | 33856 | ||
| 003 | BD-RjUL | ||
| 005 | 20211209052053.0 | ||
| 008 | 140511s1998 bg ab b 000 0 eng | ||
| 020 | _a9844940060 | ||
| 035 | _a(BD-RjUL)33948 | ||
| 040 |
_aDLC _cDLC _dBD-RjUL _beng |
||
| 041 | _aeng | ||
| 082 |
_a 363.70526 _bBAN 1998 |
||
| 245 | 0 | 0 |
_aBangladesh environment : _bfacing the 21st century / _ceditor, Philip Gain, associate editors, Shishir Moral and Priscilla Raj ; contributing writers, M. Salar Khan ... [et al.]. |
| 260 |
_aDhaka : _bSociety for Environment and Human Development, _cc1998. |
||
| 300 |
_aix, 305 p. : _bill., maps ; _c26 cm. |
||
| 504 | _aIncludes bibliographical references. | ||
| 650 | 0 |
_aEnvironmental policy _zBangladesh. _9102827 |
|
| 650 | 0 |
_aHuman ecology _zBangladesh. _9102828 |
|
| 650 | 0 |
_aEconomic development _xEnvironmental aspects _zBangladesh. _9102829 |
|
| 700 | 1 |
_aGain, Philip. _9102830 |
|
| 700 | 1 |
_aMoral, Shishir. _9102831 |
|
| 700 | 1 |
_aRaj, Priscilla. _9102832 |
|
| 710 | 2 |
_aSociety for Environment and Human Development (Dhaka, Bangladesh) _9102833 |
|
| 942 |
_2ddc _cBK |
||
| 999 |
_c33856 _d33856 |
||